Czy to jest możliwe? - Statystyki

Ogólne statystyki
  • Ten quiz został rozwiązany 3 331 razy
  • Średni wynik to 10 z 15
Statystyki odpowiedzi
Zagadnienie Odpowiedź % Poprawnych
Są osoby, które posiadają dwa różne kolory oczu Tak
95%
Kobieta może zostać księdzem katolickim, zgodnie z obowiązującymi przepisami Nie
87%
Zobaczyć fale radiowe Nie
84%
Pszczoły i osy mogą się między sobą rozmnażać Nie
78%
Popełnić samobójstwo, po prostu wstrzymując oddech Nie
75%
Przejść na judaizm Tak
75%
Legalnie trzymać iguanę jako zwierzę domowe w Polska Tak
73%
Zobaczyć Saturna gołym okiem Tak
73%
Idealnie zmierzyć położenie i prędkość cząstki Nie
68%
Lwy i tygrysy mogą się ze sobą rozmnażać Tak
67%
Niedźwiedzie grizzly i niedźwiedzie polarne mogą się między sobą rozmnażać Tak
62%
Zdobyć 179 punktów trzema rzutami w rzutkach Nie
57%
Bliźnięta mogą mieć różnych ojców Tak
47%
Ułożyć każdą pozycję kostki Rubika w maksymalnie 10 ruchach Nie
38%
Arnold Schwarzenegger mógłby został prezydentem Stanów Zjednoczonych zgodnie z obecną konstytucją Nie
38%
Nie znaleziono quizów pasujących do podanych kryteriów
Rozkład punktacji
Procent ludzi z każdym wynikiem
Percentyl według liczby udzielonych odpowiedzi
Twoja historia wyników
Nie rozwiązałeś tego quizu